Alle 13 DDR - Politiker (1949 - 1990) - Statistiken

Allgemein
  • Dieses Quiz wurde 137 mal gespielt
  • Das Durchschnittsergebnis liegt bei 5 aus 13
Antwortstatistiken
Amtsjahre, & - dauer Partei Name % Korrekt
1976 - 1989 (13 Jahre) SED Erich Honecker
97%
1960 - 1973 (13 Jahre) SED Walter Ulbricht
79%
1989 SED Egon Krenz
57%
1949 - 1960 (11 Jahre) SED Wilhelm Pieck
52%
1964 - 1973 (9 Jahre) SED Willi Stoph
36%
1973 - 1976 (3 Jahre) SED Willi Stoph
36%
1976 - 1989 (13 Jahre) SED Willi Stoph
36%
1990 ( 6 Monate) CSU Lothar de Maiziére
32%
1949 - 1964 (15 Jahre) SED Otto Grotewohl
32%
1990 CDU Sabine Bergmann - Pohl
24%
1989 - 1990 (5 Monate) SED /PDS Hans Modrow
23%
1989 - 1990 (1 Jahr) LDPD Manfred Gerlach
14%
1973 - 1976 (3 Jahre) SED Horst Sindermann
9%
Keine übereinstimmenden Quizze gefunden
Verteilung der Resultate
Anzahl Personen mit jedem Resultat
Perzentil nach korrekt beantworteten Fragen
Ihre Resultats-Entwicklung
Sie haben dieses Quiz noch nicht gespielt